Pokémon de double type acier et insecte - Statistiques

Statistiques générales
  • Ce quiz a été pris 60 fois
  • Le résultat moyen est 5 sur 6
Statistiques - réponses
Hint Réponse % Correct
212 Cizayox
96%
205 Foretress
88%
632 Fermite
77%
649 Genesect
73%
589 Lançargot
65%
413 Cheniselle
52%
Aucun quiz correspondant
Distribution des résultats
% des personnes avec chaque résultat
Percentile par nombre de réponses
Votre historique - résultats
Vous n’avez pas pris ce quiz